000
00462nam a2200133Ia 4500
008
151001s9999||||xx |||||||||||||| ||und||
100
_a
रानडे गो मा
245
_a
मराठाच्या सत्तेचा उत्कर्ष
250
_a
1
260
_b
महाराष्ट्र राज्य साहित्य संस्कुती मंडळ मुंबई
260
_c
1964
300
_a
170
365
_b
8.5
999
_c
954392
_d
954389